Quiz o powiecie włodawskim - Statystyki

Ogólne statystyki
  • Ten quiz został rozwiązany 4 razy
  • Średni wynik to 7 z 10
Statystyki odpowiedzi
Wskazówka Odpowiedź % Poprawnych
Liczba gmin wiejskich w powiecie 7
100%
Z jakimi powiatami graniczy powiat włodawski? bialski
100%
Z jakimi powiatami graniczy powiat włodawski? łęczyński
100%
Tablice rejestracyjne w powiecie LWL
100%
Z jakimi powiatami graniczy powiat włodawski? parczewski
100%
Siedziba powiatu Włodawa
100%
Z jakimi powiatami graniczy powiat włodawski? chełmski
75%
Ulica na której znajduje się urząd powiatu Aleja {Józefa} {Piłsudskiego}
25%
Kiedy zlikwidowano Wielką Synagogę we Włodawie? II wojna światowa
0%
Starosta powiatu Mariusz Zańko
0%
Nie znaleziono quizów pasujących do podanych kryteriów
Rozkład punktacji
Procent ludzi z każdym wynikiem
Percentyl według liczby udzielonych odpowiedzi
Twoja historia wyników
Nie rozwiązałeś tego quizu